000 00581nam a2200181Ia 4500
001 19906
005 20260306172727.0
008 260306t2008||||xx |||||||||||||| ||spa||
041 _aESP
082 _a341.4
_bD296
100 _aDworkin, Ronald
_eAUT
245 0 _aEl imperio de la justicia:
_bde la teoría general del derecho, de las decisiones e interpretaciones de los jueces y de la integridad política y legal como clave de la teoría y práctica
260 _c2008
300 _a328 páginas :
_c22 cm.
650 _aGEN
654 _aCDE
942 _cLIB
_dJUS
_fJUS
_2ddc
_n
999 _c19906
_d19906